| 000 | 00603nam a22001695i 4500 | ||
|---|---|---|---|
| 001 | 164108 | ||
| 003 | ES-MaACL | ||
| 005 | 20250831024532.0 | ||
| 008 | 990125s1869 sp |||| | spa d | ||
| 100 | 1 |
_aRueda, Benito. _9132160 |
|
| 245 | 1 | 3 |
_aLa Iglesia española considerada en sí misma y en sus relaciones con el Estado / _cpor Benito Rueda. |
| 260 |
_aMadrid : _b[s.n.], _c1869 ( _fEstab. Tip. de Eduardo Cuesta) |
||
| 300 |
_a224, [4] p. ; _c22 cm. |
||
| 650 | 7 |
_aIglesia y Estado- _zEspaña- _yS.XIX _2 _9149103 |
|
| 852 |
_aES-MaACL _jF-11545 _z- Enc. hol. |
||
| 999 |
_c164108 _d164108 |
||